LEADER 02056oam 2200493 a 450 001 9910457779903321 005 20210108022450.0 035 $a(CKB)2550000000065236 035 $a(MH)011801800-0 035 $a(MiAaPQ)EBC3317559 035 $a(EXLCZ)992550000000065236 100 $a20080411d2009 uy 0 101 0 $aeng 200 10$aGreen urbanism down under $elearning from sustainable communities in Australia /$fTimothy Beatley with Peter Newman$b[electronic resource] 210 $aWashington, DC $cIsland Press$d2009 215 $a1 online resource (x, 264 p. )$cill., maps ; 311 $a1-59726-412-1 320 $aIncludes bibliographical references (p. [248]-256) and index. 327 $aGreening and sustaining cities -- New and hopeful perspectives on ecological assets -- Strengthening place, building community -- Bush cities: Australia's urban ecological capitals -- The importance of regional and state planning -- Learning from Australia: some final thoughts on the value of comparative green urbanism. 606 $aCity planning$zAustralia 606 $aCity planning$xEnvironmental aspects 606 $aSustainable development 606 $aCities and towns$zAustralia 608 $aElectronic books 615 0$aCity planning 615 0$aCity planning$xEnvironmental aspects. 615 0$aSustainable development. 615 0$aCities and towns 676 $a307.1/2160994 700 $aBeatley$b Timothy$f1957-$034822 701 $aNewman$b Peter$cDr.$0116091 801 0$bDLC 801 1$bDLC 801 2$bBAKER 801 2$bBTCTA 801 2$bYDXCP 801 2$bC#P 801 2$bBWX 801 2$bCDX 906 $aBOOK 912 $a9910457779903321 996 $aGreen urbanism down under$92151842 997 $aUNINA 999 $aThis Record contains information from the Harvard Library Bibliographic Dataset, which is provided by the Harvard Library under its Bibliographic Dataset Use Terms and includes data made available by, among others the Library of Congress LEADER 01815nas 2200409 n 450 001 990009039170403321 005 20240229084312.0 011 $a0233-1772 035 $a000903917 035 $aFED01000903917 035 $a(Aleph)000903917FED01 035 $a000903917 091 $2CNR$aP 00011784 100 $a20161109b19101944km-y0itaa50------ba 101 0 $ager 102 $aDE 110 $aauu-------- 200 1 $aRepertorium specierum novarum regni vegetabilis 207 1$a1910-1944 210 $aBerlin$c[s.n.] 421 0$12001$aRepertorium specierum novarum regni vegetabilis. Beihefte 430 0$12001$aRepertorium novarum specierum regni vegetabilis 440 0$12001$aFeddes repertorium specierum novarum regni vegetabilis 517 0 $aRepertorium novarum specierum regni vegetabilis 530 0 $aRepertorium specierum novarum regni vegetabilis 675 $a582 675 $a58 801 0$aIT$bACNP$c20090723 859 4 $uhttp://acnp.cib.unibo.it/cgi-ser/start/it/cnr/dc-p1.tcl?catno=5471&person=false&language=ITALIANO&libr=&libr_th=unina1$zBiblioteche che possiedono il periodico 901 $aSE 912 $a990009039170403321 958 $aBiblioteca Centralizzata. Facoltà di Agraria dell'Università Federico II di Napoli$b1913-1919;1923-1924;$fFAGBC 959 $aFAGBC 996 $aRepertorium specierum novarum regni vegetabilis$9788306 997 $aUNINA AP1 8 $6866-01$aNA087 Biblioteca Centralizzata. Facoltà di Agraria dell'Università Federico II di Napoli$ev. Università, 100 Palazzo Reale, 80055 Portici (NA)$m081-2539322$m081-7760229$nit AP2 40$aacnp.cib.unibo.it$nACNP Italian Union Catalogue of Serials$uhttp://acnp.cib.unibo.it/cgi-ser/start/it/cnr/df-p.tcl?catno=5471&language=ITALIANO&libr=&person=&B=1&libr_th=unina&proposto=NO